Songs, roars and rituals : (Record no. 6653)
[ view plain ]
| 000 -LEADER | |
|---|---|
| fixed length control field | 00723cam a22002172 4500 |
| 001 - CONTROL NUMBER | |
| control field | 0000004777 |
| 005 - DATE AND TIME OF LATEST TRANSACTION | |
| control field | 20151217151941.0 |
| 008 - FIXED-LENGTH DATA ELEMENTS--GENERAL INFORMATION | |
| fixed length control field | 070529s xx 000 0 eng d |
| 020 ## - INTERNATIONAL STANDARD BOOK NUMBER | |
| International Standard Book Number | 0674008278 : |
| Terms of availability | KES 300 |
| 040 ## - CATALOGING SOURCE | |
| Original cataloging agency | KABU |
| Transcribing agency | KABU |
| 050 #0 - LIBRARY OF CONGRESS CALL NUMBER | |
| Classification number | QL776 |
| Item number | .R64 2000 |
| 100 1# - MAIN ENTRY--PERSONAL NAME | |
| Personal name | Rogers, Lesley J. |
| -- | 0000155578 |
| 245 10 - TITLE STATEMENT | |
| Title | Songs, roars and rituals : |
| Remainder of title | communication in birds, mammals and other animals / |
| Statement of responsibility, etc. | Lesley J. Rogers and Gisela Kaplan. |
| 260 ## - PUBLICATION, DISTRIBUTION, ETC. (IMPRINT) | |
| Place of publication, distribution, etc. | Cambridge, Mass : |
| Name of publisher, distributor, etc. | Harvard Univ. Press, |
| Date of publication, distribution, etc. | 2000. |
| 300 ## - PHYSICAL DESCRIPTION | |
| Extent | x, 207 p. |
| 650 #0 - SUBJECT ADDED ENTRY--TOPICAL TERM | |
| Topical term or geographic name as entry element | Animal communication. |
| -- | 0000155192 |
| 700 1# - ADDED ENTRY--PERSONAL NAME | |
| Personal name | Kaplan, Gisela. |
| -- | 0000155579 |
| 908 ## - PUT COMMAND PARAMETER (RLIN) | |
| Put command parameter | 070529 |
| 950 ## - LOCAL HOLDINGS (RLIN) | |
| -- | 1 |
| Withdrawn status | Lost status | Source of classification or shelving scheme | Not for loan | Home library | Current library | Date acquired | Total Checkouts | Full call number | Barcode | Date last seen | Price effective from | Koha item type |
|---|---|---|---|---|---|---|---|---|---|---|---|---|
| Library of Congress Classification | Kabarak, Main Campus | Kabarak, Main Campus | 17/12/2015 | QL776 .R64 2000 | 004420 | 17/12/2015 | 17/12/2015 | General Collection |